Formula 1 drivers with the most hat tricks - Statistics

General Stats
  • This quiz has been taken 354 times
    267 since last reset
  • The average score is 15 of 17
Answer Stats
Hat Tricks Nationality Driver % Correct
19 United Kingdom Lewis Hamilton
100%
7 Brazil Ayrton Senna
99%
14 Netherlands Max Verstappen
99%
22 Germany Michael Schumacher
99%
8 France Alain Prost
97%
5 Spain Fernando Alonso
95%
9 Argentina Juan Manuel Fangio
95%
8 Germany Sebastian Vettel
94%
5 Finland Mika Häkkinen
93%
7 Italy Alberto Ascari
85%
5 United Kingdom Damon Hill
84%
4 Brazil Felipe Massa
80%
11 United Kingdom Jim Clark
80%
5 United Kingdom Nigel Mansell
80%
4 United Kingdom Jackie Stewart
78%
4 Belgium Jacky Ickx
78%
4 United Kingdom Stirling Moss
60%
No matching quizzes found
Score Distribution
Percent of People with Each Score
Percentile by Number Answered
Your Score History
You have not taken this quiz since the last reset